[Event "Zuerich op-A 34th"]
[Site "Zuerich"]
[Date "2010.12.30"]
[Round "7"]
[White "Sprenger, Manuel"]
[Black "Bous, Florian"]
[Result "0-1"]
[WhiteElo "2035"]
[BlackElo "2092"]
[PlyCount "52"]
[EventDate "2010.12.26"]
[EventType "swiss"]
[EventRounds "7"]
[EventCountry "SUI"]
[SourceTitle "CBM 140 Extra"]
[Source "ChessBase"]
[SourceDate "2011.03.01"]
[SourceVersion "1"]
[SourceVersionDate "2011.03.01"]
[SourceQuality "1"]

1. e4 e5 2. f4 exf4 3. Nf3 g5 4. Bc4 g4 5. 0-0 gxf3 6. Qxf3 Qf6 7. d3 Bh6 8. Nc3 Ne7 9. Bxf4 Bxf4 10. Qxf4 Qxf4 11. Rxf4 Nbc6 12. Raf1 d6 13. Bxf7+ Kd8 14. Bh5 Be6 15. Nb5 a6 16. Rf6 axb5 17. Rxe6 Ne5 18. d4 N5g6 19. Rf7 Rxa2 20. h4 Rg8 21. g3 Rxb2 22. Bg4 Rxc2 23. h5 Nf8 24. Rexe7 Rxg4 25. e5 Rxg3+ 26. Kf1 Rf3+ 0-1

[Event "SUI-ch"]
[Site "Graechen"]
[Date "2009.07.09"]
[Round "1"]
[White "Sprenger, Manuel"]
[Black "Muheim, Lukas"]
[Result "0-1"]
[WhiteElo "2017"]
[BlackElo "2323"]
[PlyCount "54"]
[EventDate "2009.07.09"]
[EventType "swiss"]
[EventRounds "9"]
[EventCountry "SUI"]
[SourceTitle "CBM 131 Extra"]
[Source "ChessBase"]
[SourceDate "2009.09.03"]
[SourceVersion "2"]
[SourceVersionDate "2009.09.16"]
[SourceQuality "1"]

1. e4 c5 2. Nf3 Nc6 3. d4 cxd4 4. Nxd4 Nf6 5. Nc3 e5 6. Ndb5 d6 7. Nd5 Nxd5 8. exd5 Nb8 9. c4 a6 10. Nc3 Be7 11. Be3 0-0 12. Bd3 f5 13. f3 Nd7 14. b4 a5 15. a3 axb4 16. axb4 Rxa1 17. Qxa1 e4 18. fxe4 Ne5 19. Be2 Bh4+ 20. g3 f4 21. Bf2 fxg3 22. hxg3 Qf6 23. gxh4 Qxf2+ 24. Kd1 Bg4 25. Qa2 Nf3 26. Rf1 Qd4+ 27. Kc2 Qd2+ 0-1

[Event "SUI-ch op"]
[Site "Leukerbad"]
[Date "2007.07.12"]
[Round "1"]
[White "Klauser, Markus"]
[Black "Sprenger, Manuel"]
[Result "1-0"]
[WhiteElo "2391"]
[BlackElo "2037"]
[PlyCount "108"]
[EventDate "2007.07.12"]
[EventType "swiss"]
[EventRounds "9"]
[EventCountry "SUI"]
[SourceTitle "CBM 119 Extra"]
[Source "ChessBase"]
[SourceDate "2007.09.04"]
[SourceVersion "1"]
[SourceVersionDate "2007.09.04"]
[SourceQuality "1"]

1. d4 d6 2. Nf3 g6 3. c4 Bg7 4. Nc3 Nf6 5. e4 0-0 6. Be2 Nfd7 7. Bg5 h6 8. Be3 e5 9. Qd2 Kh7 10. 0-0-0 Nc6 11. d5 Ne7 12. g4 a6 13. h4 Rh8 14. h5 g5 15. Nh2 b6 16. Nf1 Nf6 17. f3 Bd7 18. Ng3 Rg8 19. Kb1 Qb8 20. Rc1 Bf8 21. Nd1 Be8 22. Nf2 Nd7 23. Nd3 f6 24. Rc3 Nc8 25. Nf5 a5 26. Bd1 Nc5 27. Bxc5 dxc5 28. Ra3 Nd6 29. Nxd6 cxd6 30. Ba4 Bxa4 31. Rxa4 Rg7 32. Rc1 Be7 33. Rc3 Bd8 34. Rb3 Rb7 35. Rb5 Kg7 36. Qc2 Raa7 37. Ra3 Kf7 38. Qa4 Qc7 39. Nf2 Qd7 40. Nd1 Kf8 41. Ne3 Kg8 42. Nf5 Kh7 43. Rbb3 Qxa4 44. Rxa4 Rd7 45. Rb5 Ra6 46. Ra3 Raa7 47. Rc3 Ra6 48. b3 Be7 49. a3 Bf8 50. b4 axb4 51. axb4 Rda7 52. bxc5 Ra1+ 53. Kc2 dxc5 54. Rcb3 R7a4 1-0

[Event "Zuerich op-B 29th"]
[Site "Zuerich"]
[Date "2005.12.30"]
[Round "7"]
[White "Joller, Hans"]
[Black "Sprenger, Manuel"]
[Result "0-1"]
[WhiteElo "2025"]
[BlackElo "2053"]
[PlyCount "81"]
[EventDate "2005.12.26"]
[EventType "swiss"]
[EventRounds "7"]
[EventCountry "SUI"]
[SourceTitle "CBM 110 Extra"]
[Source "ChessBase"]
[SourceDate "2006.03.10"]
[SourceVersion "2"]
[SourceVersionDate "2006.03.10"]
[SourceQuality "1"]

1. e4 c5 2. Nf3 Nc6 3. d4 cxd4 4. c3 dxc3 5. Nxc3 d6 6. Bc4 h6 7. 0-0 Nf6 8. e5 dxe5 9. Qxd8+ Nxd8 10. Nb5 Be6 11. Nc7+ Kd7 12. Nxe6 fxe6 13. Nxe5+ Kc7 14. Bf4 g5 15. Bg3 Ne4 16. Ng6+ Nxg3 17. fxg3 Bg7 18. Nxh8 Bd4+ 19. Kh1 Bxh8 20. Rf8 Be5 21. Bxe6 Rb8 22. Rc1+ Nc6 23. Rxb8 Kxb8 24. b3 a6 25. Bd7 Nb4 26. Rc8+ Ka7 27. a4 Kb6 28. g4 Nd3 29. g3 Bd4 30. Be6 Nc5 31. Bc4 Ne4 32. Kg2 Nd6 33. Rf8 Kc5 34. Be6 Kb4 35. h4 Bf6 36. hxg5 hxg5 37. Kf3 Kc3 38. Rb8 Bd4 39. Bd5 b6 40. Ra8 a5 41. Ra7 0-1

[Event "Zuerich op-B 28th"]
[Site "Zuerich"]
[Date "2004.12.??"]
[Round "2"]
[White "Gutalj, Vladimir"]
[Black "Sprenger, Manuel"]
[Result "0-1"]
[WhiteElo "1743"]
[BlackElo "1868"]
[PlyCount "78"]
[EventDate "2004.12.26"]
[EventType "swiss"]
[EventRounds "7"]
[EventCountry "SUI"]
[SourceTitle "EXT 2006"]
[Source "ChessBase"]
[SourceDate "2005.11.24"]
[SourceVersion "1"]
[SourceVersionDate "2005.11.24"]
[SourceQuality "1"]

1. e4 c5 2. Nf3 Nc6 3. Nc3 a6 4. Be2 g6 5. 0-0 Bg7 6. d3 d6 7. Bd2 e6 8. a3 Nf6 9. h3 0-0 10. Bg5 Qc7 11. Qd2 b5 12. Rab1 Bb7 13. Rfe1 Nd7 14. Nh2 Nd4 15. Nf3 Ne5 16. Nxe5 Bxe5 17. Bh6 Bg7 18. Bxg7 Kxg7 19. Bf1 Rae8 20. Ne2 Nc6 21. Nf4 Ne7 22. d4 cxd4 23. Bd3 e5 24. Ne2 d5 25. Ng3 dxe4 26. Nxe4 h6 27. Qe2 f5 28. Ng3 e4 29. Bxe4 fxe4 30. Nxe4 Nf5 31. Qd3 Bxe4 32. Rxe4 Qc4 33. Rbe1 Qxd3 34. cxd3 Nd6 35. Re6 Rxe6 36. Rxe6 Rf6 37. Re7+ Kf8 38. Ra7 Nf7 39. Kf1 Re6 0-1